| 000 | 00898nam a22002297a 4500 | ||
|---|---|---|---|
| 999 |
_c13940 _d13940 |
||
| 003 | AR-CdUCM | ||
| 008 | 190417b ||||| |||| 00| 0 spa d | ||
| 040 |
_aMUNICIPALIDAD PROVINCIAL DEL CUSCO _cBIBLIOTECA MUNICIPAL DEL CUSCO |
||
| 082 |
_aTS / 985.613 / _bN94 |
||
| 100 |
_aNuñez del Prado, Oscar _95531 |
||
| 245 |
_aChinchero : _bun pueblo andino del sur / |
||
| 260 |
_aCuzco : _bH. S. Rozas Sucesores, _c1949. |
||
| 300 |
_a 56 páginas ; _c21 cm. |
||
| 505 | _aContenido: Un pueblo andino del sur -- Estratificación social y vestido -- Mestizos -- Cholos -- Indígenas -- Vivienda -- Muebles y utensilios -- Tierras y propiedades ... | ||
| 650 |
_aChinchero _930431 |
||
| 650 |
_aAntropología _9878 |
||
| 650 |
_aProblema indígena _91235 |
||
| 650 |
_aAspectos culturales _94086 |
||
| 710 |
_aUniversidad Nacional del Cuzco _923977 |
||
| 942 |
_2ddc _cTESIS |
||
| 945 |
_aacv _d2019-04-17 |
||